[Event "Salento op 2nd"]
[Site "Gallipoli"]
[Date "2013.06.01"]
[Round "9"]
[White "Bernabei, Alberto"]
[Black "Al Khateeb, Taher"]
[Result "0-1"]
[WhiteElo "1968"]
[BlackElo "1984"]
[PlyCount "48"]
[EventDate "2013.05.25"]
[EventType "swiss"]
[EventRounds "9"]
[EventCountry "ITA"]
[SourceTitle "EXT 2014"]
[Source "ChessBase"]
[SourceDate "2013.11.20"]
[SourceVersion "1"]
[SourceVersionDate "2013.11.20"]
[SourceQuality "1"]

1. e4 d5 2. exd5 Nf6 3. Nf3 Nxd5 4. d4 Bf5 5. Bd3 Bg6 6. 0-0 e6 7. Re1 Be7 8. Ne5 Bxd3 9. Qxd3 0-0 10. a3 Nd7 11. c4 N5f6 12. Qf3 c6 13. Be3 Nxe5 14. dxe5 Nd7 15. Qg3 Bh4 16. Qf4 f5 17. g3 Be7 18. Nc3 g5 19. Qd4 c5 20. Qd2 Nxe5 21. Qe2 g4 22. Red1 Nf3+ 23. Kg2 Qe8 24. Nb5 Qc6 0-1

[Event "Salento op 2nd"]
[Site "Gallipoli"]
[Date "2013.05.28"]
[Round "5"]
[White "Bernabei, Alberto"]
[Black "O'Leary, Matt"]
[Result "1-0"]
[WhiteElo "1968"]
[BlackElo "1932"]
[PlyCount "105"]
[EventDate "2013.05.25"]
[EventType "swiss"]
[EventRounds "9"]
[EventCountry "ITA"]
[SourceTitle "EXT 2014"]
[Source "ChessBase"]
[SourceDate "2013.11.20"]
[SourceVersion "1"]
[SourceVersionDate "2013.11.20"]
[SourceQuality "1"]

1. e4 c5 2. Nf3 Nc6 3. Bb5 a6 4. Bxc6 bxc6 5. 0-0 g6 6. Re1 Bg7 7. e5 Nh6 8. d3 0-0 9. Nc3 Nf5 10. Bf4 d5 11. Na4 Rb8 12. Nxc5 Qb6 13. Nb3 c5 14. Nbd2 Be6 15. b3 Qb4 16. c4 Rfd8 17. Qe2 dxc4 18. dxc4 Rd7 19. Ne4 h6 20. Red1 Rbd8 21. Rxd7 Rxd7 22. Rd1 g5 23. Rxd7 Bxd7 24. Bd2 Qb6 25. h3 Bc6 26. g4 Nd4 27. Nxd4 cxd4 28. Ng3 Qc5 29. Nf5 Bxe5 30. Nxh6+ Kf8 31. b4 Qd6 32. Nf5 d3 33. Qe3 Bh2+ 34. Kf1 Qf6 35. Qd4 Qxd4 36. Nxd4 Be4 37. Bxg5 Be5 38. Nb3 Bc3 39. Bd2 Be5 40. f4 Bd6 41. c5 Bc7 42. Kf2 f5 43. g5 Kg7 44. Nd4 Kg6 45. a4 Kh5 46. b5 e5 47. Ne6 Bb8 48. c6 exf4 49. Nxf4+ Kxg5 50. Nxd3+ Kh4 51. Nf4 Bc2 52. b6 Bxf4 53. Bxf4 1-0

[Event "Salento op 2nd"]
[Site "Gallipoli"]
[Date "2013.05.27"]
[Round "3"]
[White "Bernabei, Alberto"]
[Black "Chernukhin, Alexander"]
[Result "0-1"]
[WhiteElo "1968"]
[BlackElo "2091"]
[PlyCount "72"]
[EventDate "2013.05.25"]
[EventType "swiss"]
[EventRounds "9"]
[EventCountry "ITA"]
[SourceTitle "EXT 2014"]
[Source "ChessBase"]
[SourceDate "2013.11.20"]
[SourceVersion "1"]
[SourceVersionDate "2013.11.20"]
[SourceQuality "1"]

1. e4 d5 2. exd5 Nf6 3. d4 Nxd5 4. c4 Nb6 5. Nf3 g6 6. Be2 Bg7 7. h3 0-0 8. 0-0 Nc6 9. Be3 e5 10. d5 Ne7 11. Nc3 Nf5 12. Bc5 Re8 13. Ne4 Nd6 14. Nxd6 cxd6 15. Ba3 a5 16. Rc1 e4 17. Nd4 Be5 18. Nb5 Bxh3 19. f4 exf3 20. Bxf3 Bf5 21. Nxd6 Bxd6 22. Bxd6 Qxd6 23. c5 Qe7 24. cxb6 Qe3+ 25. Kh1 Qxb6 26. Qd2 Qd6 27. Rfe1 Rxe1+ 28. Rxe1 a4 29. a3 Rc8 30. Be4 Bd7 31. Bf3 Rc4 32. Qf2 Qf6 33. Re2 Rf4 34. Qe3 Bb5 35. Rd2 Rc4 36. Bd1 Rh4+ 0-1

[Event "Salento op 2nd"]
[Site "Gallipoli"]
[Date "2013.05.27"]
[Round "4"]
[White "Paolillo, Gaia"]
[Black "Bernabei, Alberto"]
[Result "1-0"]
[WhiteElo "1903"]
[BlackElo "1968"]
[PlyCount "139"]
[EventDate "2013.05.25"]
[EventType "swiss"]
[EventRounds "9"]
[EventCountry "ITA"]
[SourceTitle "EXT 2014"]
[Source "ChessBase"]
[SourceDate "2013.11.20"]
[SourceVersion "1"]
[SourceVersionDate "2013.11.20"]
[SourceQuality "1"]

1. e4 c5 2. Nf3 d6 3. d4 cxd4 4. Qxd4 Nc6 5. Bb5 Bd7 6. Bxc6 Bxc6 7. Nc3 Nf6 8. Bg5 e6 9. 0-0-0 Be7 10. Rhe1 Qa5 11. Kb1 0-0 12. Qd2 Kh8 13. Nd4 Rfd8 14. f4 Rac8 15. f5 e5 16. Bxf6 Bxf6 17. Nb3 Qc7 18. Qe2 b5 19. Nd5 Bxd5 20. Rxd5 a6 21. g4 Qc4 22. Qxc4 Rxc4 23. c3 h6 24. Na5 Rc7 25. Red1 Be7 26. a3 Kg8 27. Ka2 Kf8 28. Kb3 Ke8 29. c4 bxc4+ 30. Nxc4 Rb8+ 31. Kc3 Rbc8 32. b3 f6 33. Kb4 Rb8+ 34. Ka4 Rbc8 35. Nxd6+ Bxd6 36. Rxd6 Rc2 37. R1d2 R2c3 38. R6d3 Rc1 39. Re3 Ke7 40. b4 R8c6 41. Ka5 Ra1 42. Red3 Rc8 43. Rd7+ Kf8 44. Rd8+ Rxd8 45. Rxd8+ Ke7 46. Rd3 Re1 47. Kxa6 Rxe4 48. b5 Ra4+ 49. Kb7 e4 50. Rc3 Kd7 51. b6 Rd4 52. Kb8 Rd3 53. Rc4 e3 54. a4 Rd5 55. Rc1 e2 56. Re1 Ra5 57. Rxe2 Rxa4 58. h3 Ra3 59. Rc2 Rb3 60. b7 Rd3 61. Rc7+ Kd8 62. h4 h5 63. gxh5 Rf3 64. h6 gxh6 65. Rf7 Rh3 66. Rxf6 Rxh4 67. Rf7 Rf4 68. f6 Ke8 69. Rc7 Kd8 70. f7 1-0

[Event "Salento op 2nd"]
[Site "Gallipoli"]
[Date "2013.05.26"]
[Round "2"]
[White "Quaranta, Cristiano"]
[Black "Bernabei, Alberto"]
[Result "1-0"]
[WhiteElo "2172"]
[BlackElo "1968"]
[PlyCount "47"]
[EventDate "2013.05.25"]
[EventType "swiss"]
[EventRounds "9"]
[EventCountry "ITA"]
[SourceTitle "EXT 2014"]
[Source "ChessBase"]
[SourceDate "2013.11.20"]
[SourceVersion "1"]
[SourceVersionDate "2013.11.20"]
[SourceQuality "1"]

1. e4 c5 2. Na3 d6 3. c3 Nf6 4. g3 g6 5. Bg2 Bg7 6. Ne2 0-0 7. d4 cxd4 8. cxd4 Nc6 9. 0-0 Bg4 10. f3 Bd7 11. Be3 Qb8 12. Qd2 Rc8 13. h3 b5 14. d5 Ne5 15. b3 b4 16. Nc2 Bb5 17. Ncd4 Rc3 18. Nxc3 Bxf1 19. Bxf1 bxc3 20. Qc2 Qb4 21. Kg2 Rc8 22. Be2 Ne8 23. f4 Nc4 24. bxc4 1-0

[Event "Sant' Anna op 10th"]
[Site "Pisignano di Vernole"]
[Date "2007.08.11"]
[Round "7"]
[White "Bernabei, Alberto"]
[Black "Altini, Nicola"]
[Result "0-1"]
[WhiteElo "1998"]
[BlackElo "1939"]
[PlyCount "74"]
[EventDate "2007.08.07"]
[EventType "swiss"]
[EventRounds "7"]
[EventCountry "ITA"]
[SourceTitle "EXT 2009"]
[Source "ChessBase"]
[SourceDate "2008.11.26"]
[SourceVersion "1"]
[SourceVersionDate "2008.11.26"]
[SourceQuality "1"]

1. Nf3 Nf6 2. g3 g6 3. Bg2 Bg7 4. 0-0 0-0 5. d3 d5 6. Nbd2 c5 7. e4 e6 8. Re1 Nc6 9. c3 Rb8 10. e5 Nd7 11. d4 b5 12. a3 a5 13. Nf1 a4 14. Bg5 Qc7 15. Qd2 Na5 16. Qf4 Re8 17. Bh6 Qd8 18. Bxg7 Kxg7 19. Ne3 cxd4 20. cxd4 h6 21. h4 Nb3 22. Rad1 Ba6 23. Ng4 Rh8 24. Nd2 Na5 25. Bxd5 exd5 26. e6 Nf6 27. e7 Qb6 28. Nxf6 Qxf6 29. Qc7 Nc4 30. Nxc4 bxc4 31. Re5 Rxb2 32. f4 Rb7 33. Qc5 Re8 34. Rde1 c3 35. Qxc3 Rexe7 36. Qc5 Rxe5 37. dxe5 Qb6 0-1

[Event "Sant' Anna op 10th"]
[Site "Pisignano di Vernole"]
[Date "2007.08.10"]
[Round "5"]
[White "Bernabei, Alberto"]
[Black "Tocchioni, Doriano"]
[Result "1/2-1/2"]
[WhiteElo "1998"]
[BlackElo "2261"]
[PlyCount "121"]
[EventDate "2007.08.07"]
[EventType "swiss"]
[EventRounds "7"]
[EventCountry "ITA"]
[SourceTitle "EXT 2009"]
[Source "ChessBase"]
[SourceDate "2008.11.26"]
[SourceVersion "1"]
[SourceVersionDate "2008.11.26"]
[SourceQuality "1"]

1. Nf3 b6 2. g3 Bb7 3. Bg2 e6 4. d3 f5 5. 0-0 Nf6 6. e4 fxe4 7. Ng5 Qc8 8. Nxe4 Be7 9. Nbc3 0-0 10. Qe2 Nc6 11. Nxf6+ Bxf6 12. Ne4 Nd4 13. Qd1 Be7 14. c3 Nf5 15. Re1 Bc6 16. d4 Qb7 17. b4 b5 18. Bb2 a5 19. a3 Rf7 20. Qe2 Raf8 21. f4 Qb6 22. Nc5 Bxc5 23. dxc5 Qb7 24. Bxc6 Qxc6 25. Qe4 Qd5 26. Qxd5 exd5 27. Re5 c6 28. a4 axb4 29. axb5 bxc3 30. Bxc3 d4 31. Bb2 cxb5 32. Rd1 g5 33. g4 Ng7 34. f5 h5 35. h3 hxg4 36. hxg4 Ne8 37. f6 Nxf6 38. Rxg5+ Rg7 39. Rxg7+ Kxg7 40. Rxd4 Kg6 41. Rd6 Kg5 42. Bxf6+ Rxf6 43. Rxd7 Rc6 44. Rd5+ Kxg4 45. Kf2 Kf4 46. Ke2 Ke4 47. Rh5 Kd4 48. Kd2 Kc4 49. Kc2 Kb4 50. Kb2 Rg6 51. Rf5 Rg2+ 52. Kb1 Rg4 53. Kb2 Rc4 54. Rg5 Ka4 55. Rf5 b4 56. Rg5 b3 57. Rg2 Kb4 58. c6 Rxc6 59. Rg4+ Rc4 60. Rxc4+ Kxc4 61. Kb1 1/2-1/2

[Event "Sant' Anna op 10th"]
[Site "Pisignano di Vernole"]
[Date "2007.08.07"]
[Round "1"]
[White "Bernabei, Alberto"]
[Black "Bruno, Fabio"]
[Result "0-1"]
[WhiteElo "1998"]
[BlackElo "2443"]
[PlyCount "54"]
[EventDate "2007.08.07"]
[EventType "swiss"]
[EventRounds "7"]
[EventCountry "ITA"]
[SourceTitle "EXT 2009"]
[Source "ChessBase"]
[SourceDate "2008.11.26"]
[SourceVersion "1"]
[SourceVersionDate "2008.11.26"]
[SourceQuality "1"]

1. Nf3 d5 2. g3 c6 3. Bg2 Bg4 4. Ne5 Bf5 5. d4 f6 6. Nd3 Nd7 7. Nd2 Qb6 8. c3 e5 9. dxe5 fxe5 10. e4 dxe4 11. Nxe4 Ngf6 12. Qe2 0-0-0 13. Be3 Qa6 14. f3 Be6 15. Qc2 Bb3 16. Qxb3 Qxd3 17. c4 Bb4+ 18. Bd2 Bxd2+ 19. Nxd2 Nc5 20. Qxd3 Nxd3+ 21. Ke2 Nxb2 22. Rab1 Na4 23. Rb3 Rd4 24. Bh3+ Kb8 25. Rhb1 b6 26. Ra3 Rhd8 27. Nb3 Nc3+ 0-1